000 00703nam a2200253Ia 4500
003 OSt
005 20221005123738.0
006 a|||||r|||| 00| 0
007 ta
008 221004b |||||||| |||| 00| 0 mal d
024 _a58534
037 _cTextual
040 _aCRL
_cCRL
_bmal
041 _2mal
_amal
082 _aV2:51xM69:g, 32J6
100 _aS. Radha Krishnan Au.
_9634160
245 0 _aMahatma Gandhi
260 _c1956
650 _a MALAYALAM LITERATURE
_938866
650 _aHISTORY
700 _a Nambissan A. P. Vasu Tr.
_9634161
942 _hV2:51xM69:g, 32J6
_cTEXL
_2cc
999 _c1048353
_d1048353